Community & public health nursing : (Record no. 79037)

MARC details
000 -LEADER
fixed length control field 02722nam a2200313Ia 4500
003 - CONTROL NUMBER IDENTIFIER
control field URS
005 - DATE AND TIME OF LATEST TRANSACTION
control field 20250904111952.0
008 - FIXED-LENGTH DATA ELEMENTS--GENERAL INFORMATION
fixed length control field 240418s9999 xx 000 0 und d
020 ## - INTERNATIONAL STANDARD BOOK NUMBER
International Standard Book Number 9781451189759
040 ## - CATALOGING SOURCE
Language of cataloging English
Transcribing agency URS
Description conventions rda
050 ## - LIBRARY OF CONGRESS CALL NUMBER
Classification number RT98
Item number .C626 2014
100 ## - MAIN ENTRY--PERSONAL NAME
Personal name Allender, Judith A.,
Relator term author.
245 #0 - TITLE STATEMENT
Title Community & public health nursing :
Remainder of title promoting the public's health /
Statement of responsibility, etc edited by Judith A. Allender, Kristine D. Warner, Cherie Rector.
250 ## - EDITION STATEMENT
Edition statement 8th edition
264 ## - PUBLICATION, DISTRIBUTION, ETC. (IMPRINT)
Place of publication, distribution, etc Philadelphia :
Name of publisher, distributor, etc Wolters Kluwer/Lippincott Williams & Wilkins Health,
Date of publication, distribution, etc ©2014.
300 ## - PHYSICAL DESCRIPTION
Extent xv, 1086 pages :
Other physical details color illustrations, color maps ;
Dimensions 28 cm.
336 ## - CONTENT TYPE
Content type term text
Content type code txt
Source rdacontent
337 ## - MEDIA TYPE
Media type term unmediated
Media type code n
Source rdamedia
338 ## - CARRIER TYPE
Carrier type term volume
Carrier type code nc
Source rdacarrier
504 ## - BIBLIOGRAPHY, ETC. NOTE
Bibliography, etc Includes bibliographical references and index.
505 ## - FORMATTED CONTENTS NOTE
Formatted contents note The Journey Begins: Introduction to Community Health Nursing -- History & Evolution of Community Health Nursing -- Setting the Stage for Community Health Nursing -- Evidence-Based Practice and Ethics in Community Health Nursing -- Transcultural Nursing in the Community -- Structure & Economics of Community Health Services -- Epidemiology in Community Health Care -- Communicable Disease Control -- Environmental Health and Safety -- Communication, Collaboration, and Contracting -- Health Promotion: Achieving Change Through Education -- Planning and Developing Community Programs and Services -- Policy Making and Community Health Advocacy -- Theoretical Basis for Community Health Nursing -- Community as Client: Applying the Nursing Process -- Global Health & International Community Health Nursing -- Being Prepared: Disasters and Terrorism -- Theoretical Basis for Promoting Family Health -- Working with Families: Applying the Nursing Process -- Violence Affecting Families -- Maternal-Child Health: Working with Perinatal, Infant, Toddler, and Preschool Clients -- School-Aged Children and Adolescents -- Adult Women and Men -- Older Adults: Aging in Place -- Working with Vulnerable People -- Clients with Disabilities and Chronic Illness (+ injury prevention) -- Behavioral Health in the Community -- Working With the Homeless -- Issues with Rural, Migrant, and Urban Health Care -- Public Settings for Community Health Nursing -- Private Settings for Community Health Nursing -- Clients Receiving Home Health and Hospice Care.
650 ## - SUBJECT ADDED ENTRY--TOPICAL TERM
Topical term or geographic name as entry element Community health nursing
Geographic subdivision United States.
650 ## - SUBJECT ADDED ENTRY--TOPICAL TERM
Topical term or geographic name as entry element Public health nursing
Geographic subdivision United States.
650 ## - SUBJECT ADDED ENTRY--TOPICAL TERM
Topical term or geographic name as entry element Health promotion
Chronological subdivision United States.
700 ## - ADDED ENTRY--PERSONAL NAME
Personal name Allender, Judith Ann,
Relator term editor.
9 (RLIN) 5836
700 ## - ADDED ENTRY--PERSONAL NAME
Personal name Warner, Kristine D.,
Relator term editor.
9 (RLIN) 5837
700 ## - ADDED ENTRY--PERSONAL NAME
Personal name Rector, Cherie L.,
Relator term editor.
9 (RLIN) 5838
942 ## - ADDED ENTRY ELEMENTS (KOHA)
Koha item type Foreign Books
Source of classification or shelving scheme Library of Congress Classification
Holdings
Withdrawn status Lost status Source of classification or shelving scheme Damaged status Not for loan Collection code Home library Current library Shelving location Date acquired Source of acquisition Total Checkouts Full call number Barcode Date last seen Copy number Koha item type
    Library of Congress Classification     Non-fiction Taytay College Library Taytay College Library Nursing Collection 07/02/2024 Donation   RT98 .C626 2014 URSTAY-5397 06/30/2025 1 Foreign Books
    Library of Congress Classification     Non-fiction Taytay College Library Taytay College Library Nursing Collection 07/02/2024 Donation   RT98 .C626 2014 URSTAY-5554 06/05/2025 2 Foreign Books
    Library of Congress Classification     Non-fiction Taytay College Library Taytay College Library Nursing Collection 07/02/2024 Donation   RT98 .C626 2014 URSTAY-5555 06/05/2025 3 Foreign Books
    Library of Congress Classification     Non-fiction Taytay College Library Taytay College Library Nursing Collection 07/02/2024 Donation   RT98 .C626 2014 URSTAY-5556 06/05/2025 4 Foreign Books
    Library of Congress Classification     Non-fiction Taytay College Library Taytay College Library Nursing Collection 07/02/2024 Donation   RT98 .C626 2014 URSTAY-5557 06/05/2025 5 Foreign Books
    Library of Congress Classification     Non-fiction Taytay College Library Taytay College Library Nursing Collection 07/02/2024 Donation   RT98 .C626 2014 URSTAY-5558 06/05/2025 6 Foreign Books

University of Rizal System
Email us at univlibservices@urs.edu.ph

Visit our Website www.urs.edu.ph/library